000 00385nam a2200145Ia 4500
008 240729s9999 xx 000 0 und d
022 _a2354-0265
245 0 _aHealth Problems of Civilization
260 _aPoland
260 _bTermedia Publishing House
650 _aMedicine
856 _uhttps://doaj.org/toc/4472435308b04250b0ed8499fed78d7a
942 _2ddc
942 _cDOAJEJ
999 _c68313
_d68313
945 _a1
_bMadushi Gamage
_c1
_dMadushi Gamage